000 00602nam a2200241 a 4500
001 nice12345678
003 IN_TiNIC
005 20260116012810.0
008 050524s1984 newa grp 000 0 eng
020 _a
_c438.55
082 0 0 _a297.63
_bCRA
100 _aCragg, Kenneth
245 _aMuhammad and the Christian
_b Question of Response
260 _aNew York
_bOrbis Books
_c1984
300 _a180p
500 _aincludes index and biblioraphy
505 2 _aBibliography
650 _aMuhammad, Prophet
700 1 _aCragg, Kenneth
902 _bSRS
942 _cBK
999 _c8417
_d8417